Vista normal
Vista MARC
Entrada Genre/Form Term
Número de registros utilizados en: 1
001 - CONTROL NUMBER
- control field: 62998
003 - CONTROL NUMBER IDENTIFIER
- control field: OSt
005 - DATE AND TIME OF LATEST TRANSACTION
- control field: 20250821210530.0
008 - FIXED-LENGTH DATA ELEMENTS
- fixed length control field: 250821|| aca||aabn | a|a d
040 ## - CATALOGING SOURCE
- Original cataloging agency: OSt
- Transcribing agency: OSt
155 ## - HEADING--GENRE/FORM TERM
- Genre/form term: Diccionarios, enciclopedias, etc
670 ## - SOURCE DATA FOUND
- Source citation: Work cat.: (OSt)58351: Grueso Romero, Mary, 1947- aut 47489, Entre panela y confite /